000
00298nam a22001337a 4500
008
170411b xxu||||| |||| 00| 0 eng d
020
_a
9780781768726
041
_a
eng
080
_2
3 ED
_a
618
100
_a
10
101
_a
SHM
245
_a
HIGH TIELD EMBRYOLOGY
_c
DUDEK.R.W
942
_2
udc
_c
BK
999
_c
10353
_d
10353